| 000 | 00565cam4a220019300 4500 | ||
|---|---|---|---|
| 001 | zam00000661 | ||
| 008 | 951128s1992 xx eng u | ||
| 020 | _a0412380404 | ||
| 035 | _a(Sirsi) 00915 | ||
| 035 | _a(MACHINE)00915 | ||
| 050 | 0 | _aQD 501WAR 1992 | |
| 100 | _aWarn, John Richard William | ||
| 245 | 1 | 0 |
_aConcise chemical thermodynamics/ _cJohn Richard William Warn |
| 260 |
_aLondon : _bChapman and Hall, _c1992. |
||
| 300 | _axi, 133p. | ||
| 504 | _aIncludes bibliographical references. | ||
| 650 | _aThermodynamics. | ||
| 700 | _aJ. R. W. Warn. | ||
| 999 |
_c100783 _d100783 |
||